Europa - Hoofdsteden op basis van vlaggen - Statistieken

Algemene statistieken
  • Deze quiz is 7 keer genomen
  • De gemiddelde score is 39 van 45
Antwoordstatistieken
Foto Antwoord % Correct
Amsterdam
100%
Athene
100%
Berlijn
100%
Bern
100%
Brussel
100%
Dublin
100%
Helsinki
100%
Kiev
100%
Kopenhagen
100%
Lissabon
100%
Londen
100%
Luxemburg
100%
Madrid
100%
Moskou
100%
Oslo
100%
Parijs
100%
Praag
100%
Stockholm
100%
Vaticaanstad
100%
Wenen
100%
Boekarest
83%
Minsk
83%
Reykjavik
83%
Riga
83%
Rome
83%
San Marino
83%
Sarajevo
83%
Tallin
83%
Tirana
83%
Vaduz
83%
Warschau
83%
Zagreb
83%
Andorra la Vella
67%
Belgrado
67%
Boedapest
67%
Bratislava
67%
Chisinau
67%
Ljubljana
67%
Podgorica
67%
Pristina
67%
Skopje
67%
Sofia
67%
Valletta
67%
Vilnius
67%
Monaco-Ville
50%
Geen overeenkomende quizzen gevonden
Scoreverdeling
Procent van Mensen met Elke Score
Percentiel versus Aantal Correcte Antwoorden
Uw Scoregeschiedenis
U heeft deze quiz nog niet genomen